łopatka - Statystyki

Ogólne statystyki
  • Ten quiz został rozwiązany 107 razy
  • Średni wynik to 11 z 15
Statystyki odpowiedzi
Hint Odpowiedź % Poprawnych
12 kąt dolny
88%
11 kąt górny
88%
10 wyrostek kruczy
88%
8 brzeg boczny
84%
7 brzeg przyśrodkowy
79%
2 grzebień łopatki
79%
3 wyrostek barkowy
79%
6 brzeg górny
74%
13 kąt boczny
74%
4 dół nadgrzebieniowy
67%
5 dół podgrzebieniowy
67%
1 dół podłopatkowy
58%
15 guzek podpanewkowy
58%
14 guzek nadpanewkowy
53%
9 wcięcie łopatki
53%
Nie znaleziono quizów pasujących do podanych kryteriów
Rozkład punktacji
Procent ludzi z każdym wynikiem
Percentyl według liczby udzielonych odpowiedzi
Twoja historia wyników
Nie rozwiązałeś tego quizu